| 000 | 00000cam 2200000zi 4500 |
| 001 | 9.955440 |
| 003 | CaOODSP |
| 005 | 20260604154146 |
| 006 | m o d f |
| 007 | cr ||||||||||| |
| 008 | 250917e20250721onc ob f000 0 eng d |
| 020 | |a9780660790145 |
| 040 | |aCaOODSP|beng|erda|cCaOODSP |
| 043 | |an-cn--- |
| 086 | 1 |aBT66-100/2025E-PDF |
| 245 | 00|aGuide to assessing cost estimates. |
| 264 | 1|aOttawa, Ontario, Canada : |bTreasury Board of Canada Secretariat = Secrétariat du Conseil du trésor du Canada, |cJuly 21 2025. |
| 264 | 4|c©2025 |
| 300 | |a1 online resource (16 pages) |
| 336 | |atext|btxt|2rdacontent |
| 337 | |acomputer|bc|2rdamedia |
| 338 | |aonline resource|bcr|2rdacarrier |
| 500 | |aTitle from cover. |
| 500 | |aIssued also in French under title: Guide d'évaluation des estimations de coûts. |
| 504 | |aIncludes bibliographical references. |
| 650 | 0|aPricing|xGovernment policy|zCanada. |
| 710 | 1 |aCanada. |bTreasury Board, |eissuing body. |
| 775 | 08|tGuide d'évaluation des estimations de coûts.|w(CaOODSP)9.955441 |
| 856 | 40|qPDF|s924 KB|uhttps://publications.gc.ca/collections/collection_2026/sct-tbs/BT66-100-2025-eng.pdf |
| 856 | 4 |qHTML|sN/A|uhttps://www.tbs-sct.canada.ca/pol/doc-eng.aspx?id=32818 |